000 00369pab a2200145 454500
008 180718b2006 xxu||||| |||| 00| 0 eng d
100 _aKujur, Joseph Marianus
245 _aResettlement debate: continuing the "historical injustice"
260 _c2006
300 _ap.175-90.
362 _aMar
650 _aResettlement
773 _aSocial Change
909 _a70033
999 _c70033
_d70033